000 00777nas a2200277 4500
001 BR0904099
003 BR-BrBNA
005 20231205113237.0
007 ta
008 230509b bl.|||p| |||| 00| 00por d
040 _aBR-BrBNA
_bpor
_cBiblioteca Nacional de Agricultura
041 _a(Pt)
072 _aL73
100 1 _aStefano, E. de
100 1 _aAraújo, W.P.
100 1 _aPassos, E.C.
100 1 _aPituco, E.M.
245 1 _aEstomatite vesicular
650 _aBOVINO
650 _aEQUINO
650 _aSUÍNO
650 _aESTOMATITE
773 0 _tRevista de Sanidade Animal, Vegetal e Proteção Ambiental (Brazil)
_xISSN 0020-3653
_g(Jul-Sep 2002), v. 69(3) p. 127-133
_wBR0904099
909 _a202311
_bLúcia
_c55
_dLúcia Elande
942 _2AGRIS
_n0
_cANA
999 _c202664
_d202664